1759 1141 1825 1801 1455 1524 1578 1155 1560 1908 1180 1417 1979 1451 1587 1985 1521 1955 1433 1309 1272 1611 1315 1158 1619 1804 1901 1681 1082 1100 1773 1015 1211 1640 1725 1533 1783 1848 1912 1974 1072 1331 1998 1852 1143 1750 1036 1211 1736 1893 1800 1457 1571 1682 1310 1013 1433 1355 1356 1511 1159 1417 1025 1443 1478 1221 1762 1862 1983 1815 1198 1675 1172 1061 1236 1027 1833 1591 1072 1619 1370 1829 1519 1465 1232 1794 1108 1061 1498 1809 1695 1129 1281 1386 1755 1904 1846 1257 1422 BCNSPRNW ULIB Ver.6.0+V

เปลี่ยนเป็นภาษาไทย

Change to English
 แสดงรายละเอียดบรรณานุกรม
  กลับหน้าหลัก

Brief Record : Get Marc (ISO 2709) : E-mail record : QR code < ปิดหน้าต่าง
LEADER : 00000nam 2200000uu 4500
001    13399112137
003     ULIB
008    110727s2550||||th 000 0 tha d
020    9789990972023
050  4 HA62^bช486บ 2550
100 0  ชาญชัย อาจินสมาจาร
245 10 แบบสอบถามเพื่อการวิจัยและการประเมินผลทางการศึกษา =^bQuestionnaires for research and evaluation in education /^cชาญชัย อาจินสมาจาร
246 31 Questionnaires for research and evaluation in education
260    [ม.ป.ท. :^bม.ป.พ.,^c2550]
300    76 หน้า ;^c29 ซม.
650  4 แบบสอบถาม
650  4 วิจัย
650  4 การประเมินผลทางการศึกษา
945    ^p180^l0^i027070
945    ^p180^l0^i027071
995    ทศพร
999 ^a ทศพร
รายการนี้ยังไม่มีแท็ก
คุณยังไม่ได้ล็อกอิน คุณสามารถมีกิจกรรมร่วมกับเว็บไซต์ได้ แต่ต้องล็อกอินก่อน ::
  ล็อกอิน

รายการสื่อสารสนเทศ

ลำดับที่ ประเภท เลขเรียก/บาร์โค้ด สถานที่ สถานะ
- ไม่พบข้อมูล -

รายการใกล้เคียง
    ผู้แต่ง [ชาญชัย อาจินสมาจาร]

    หัวเรื่อง [แบบสอบถาม]
    หัวเรื่อง [วิจัย]
    หัวเรื่อง [การประเมินผลทางการศึกษา]

BibComment


ยังไม่เคยถูกคอมเมนท์

คอมเมนท์ทรัพยากรรายการนี้
  คอมเมนท์: แบบสอบถามเพื่อการ..


 Copyright 2026. Bcnsprnw @Library